000 00536nam a2200217Ia 4500
003 OSt
005 20220924133659.0
006 a|||||r|||| 00| 0
007 ta
008 220923b |||||||| |||| 00| 0 snd d
024 _a267868
037 _cTextual
040 _aARTS
_cARTS
_bsnd
041 _2snd
_asnd
082 _aO1593:6x, J4
100 _aSiddiqi Makbool
_9207068
245 0 _aGul - e - mukhiryun
260 _c1954
942 _hO1593:6x, J4
_cTEXL
_2CC
999 _c434729
_d434729